[Event "Thessaloniki Aris CC Summer op 1st"]
[Site "Thessaloniki"]
[Date "2023.06.18"]
[Round "6"]
[White "Kazakis, Mattheos Konstantin"]
[Black "Boutikos, Eleftherios"]
[Result "1/2-1/2"]
[WhiteElo "1468"]
[BlackElo "1651"]
[PlyCount "194"]
[EventDate "2023.06.16"]
[EventType "swiss"]
[EventRounds "7"]
[EventCountry "GRE"]
[SourceTitle "EXT 2024"]
[Source "ChessBase"]
[SourceDate "2023.10.10"]
[SourceVersion "1"]
[SourceVersionDate "2023.10.10"]
[SourceQuality "1"]

1. e4 c5 2. Nf3 Nc6 3. Nc3 e6 4. d4 cxd4 5. Nxd4 a6 6. Be3 Qc7 7. Qd2 Nf6 8. f3 b5 9. 0-0-0 Bb7 10. Be2 Rc8 11. Bf4 Ne5 12. Nb3 d6 13. Bxe5 dxe5 14. Nb1 Bb4 15. c3 0-0 16. g4 Be7 17. h4 Qb6 18. Bd3 a5 19. Na1 a4 20. a3 b4 21. axb4 Bxb4 22. Nc2 Be7 23. Nca3 Nd7 24. Nc4 Qc7 25. Nba3 Ba6 26. Bc2 Nc5 27. Ne3 Nb3+ 28. Bxb3 Bxa3 29. Bxa4 Qa5 30. Nc2 Bxb2+ 31. Kxb2 Qxa4 32. Nb4 Bc4 33. Qc2 Qxc2+ 34. Kxc2 Be2 35. Rde1 Bxf3 36. Rhg1 Rc4 37. Kd3 Rfc8 38. Na2 h5 39. gxh5 Bxh5 40. Rg5 g6 41. Rxe5 Ra4 42. Nb4 Ra3 43. Rc1 Rb3 44. Kd2 Rc4 45. Nd3 Bf3 46. Nf2 Kg7 47. Kd3 Rc8 48. Rc2 Rh8 49. Ke3 Bg2 50. Nd3 Bf1 51. Nc1 Ra3 52. Kf2 Ba6 53. Kg3 Rc8 54. Na2 f6 55. Rxe6 Bc4 56. Re7+ Kf8 57. Rh7 Bxa2 58. h5 Rcxc3+ 59. Rxc3 Rxc3+ 60. Kf4 gxh5 61. Rxh5 Kf7 62. e5 Kg6 63. Rh2 Rc4+ 64. Ke3 Rc3+ 65. Kd4 Rc4+ 66. Kd3 Ra4 67. exf6 Kxf6 68. Rh5 Be6 69. Kc3 Bf5 70. Kb3 Rf4 71. Rh8 Ke5 72. Rd8 Be6+ 73. Kc3 Rf3+ 74. Kd2 Bd5 75. Ke2 Ra3 76. Rb8 Kd4 77. Rb4+ Bc4+ 78. Kf2 Rc3 79. Rb8 Ke4 80. Re8+ Kf4 81. Rf8+ Kg4 82. Ke1 Rc2 83. Kd1 Rh2 84. Kc1 Bd3 85. Rd8 Be4 86. Rd2 Rh3 87. Rf2 Bf3 88. Kd2 Kf4 89. Kc3 Rh8 90. Rd2 Be4 91. Kd4 Rc8 92. Rf2+ Bf3 93. Rd2 Bd5 94. Rf2+ Bf3 95. Rd2 Re8 96. Rd3 Be4 97. Rd2 Rd8+ 1/2-1/2

[Event "Thessaloniki Aris CC Summer op 1st"]
[Site "Thessaloniki"]
[Date "2023.06.18"]
[Round "7"]
[White "Merkouropoulos, Dionysios"]
[Black "Kazakis, Mattheos Konstantin"]
[Result "1-0"]
[WhiteElo "1598"]
[BlackElo "1468"]
[PlyCount "71"]
[EventDate "2023.06.16"]
[EventType "swiss"]
[EventRounds "7"]
[EventCountry "GRE"]
[SourceTitle "EXT 2024"]
[Source "ChessBase"]
[SourceDate "2023.10.10"]
[SourceVersion "1"]
[SourceVersionDate "2023.10.10"]
[SourceQuality "1"]

1. d4 Nf6 2. c4 b6 3. Nc3 Bb7 4. f3 d6 5. e4 g6 6. Be3 Bg7 7. Qd2 Nbd7 8. Nge2 c5 9. d5 Ne5 10. Ng3 Ba6 11. b3 h5 12. Be2 h4 13. Nf1 Nh5 14. f4 Nd7 15. g4 Nhf6 16. Rc1 g5 17. fxg5 Nh7 18. Bf4 Nhf8 19. Ne3 Be5 20. Bxe5 Nxe5 21. Nf5 Nfg6 22. 0-0 Kf8 23. h3 Bc8 24. Rf2 Kg8 25. Rcf1 Bxf5 26. gxf5 Nf8 27. Rg2 Qd7 28. Rf4 e6 29. Qe1 exf5 30. exf5 Re8 31. Ne4 Kg7 32. Qf2 Qc7 33. Nf6 Rd8 34. Rxh4 Nfd7 35. Nxd7 Rxh4 36. f6+ 1-0

[Event "World School-ch U11"]
[Site "Rhodes"]
[Date "2023.04.21"]
[Round "8"]
[White "Odabasi, Ruzgar"]
[Black "Kazakis, Mattheos Konstantin"]
[Result "1/2-1/2"]
[WhiteElo "1642"]
[BlackElo "1265"]
[PlyCount "167"]
[EventDate "2023.04.14"]
[EventType "swiss"]
[EventRounds "9"]
[EventCountry "GRE"]
[SourceTitle "EXT 2024"]
[Source "ChessBase"]
[SourceDate "2023.10.10"]
[SourceVersion "1"]
[SourceVersionDate "2023.10.10"]
[SourceQuality "1"]

1. d4 Nf6 2. c4 e6 3. Nc3 d5 4. Bg5 Bb4 5. e3 c6 6. cxd5 exd5 7. Bd3 h6 8. Bh4 0-0 9. Nge2 Nbd7 10. 0-0 Bd6 11. Bg3 Bxg3 12. Nxg3 a5 13. Qd2 Re8 14. Rae1 Nf8 15. f3 Ne6 16. Qf2 b6 17. Nf5 c5 18. dxc5 Nxc5 19. Bc2 Ba6 20. Qg3 Nh5 21. Qg4 Bxf1 22. Nxh6+ Kf8 23. Qxh5 gxh6 24. Qxh6+ Ke7 25. Kxf1 Ne6 26. Qh4+ Kf8 27. Qh8+ Ke7 28. Qe5 Rg8 29. Nxd5+ Kf8 30. Nf6 Rg7 31. Rd1 Qc7 32. Nd7+ Ke8 33. Qxc7 Nxc7 34. Nxb6 Rb8 35. Ba4+ Ke7 36. Rd7+ Kf6 37. Rxc7 Rxb6 38. Rc6+ Rxc6 39. Bxc6 Rg5 40. Be4 Rc5 41. Ke2 Rc1 42. f4 Ra1 43. Bd5 Rb1 44. Kf3 Rxb2 45. h4 a4 46. g4 Kg7 47. h5 Rd2 48. Ke4 f6 49. g5 fxg5 50. fxg5 Rh2 51. h6+ Kg6 52. Kd4 Kxg5 53. Kc5 Rxh6 54. Kb4 a3 55. e4 Rh3 56. Kc5 Kf4 57. Kd4 Rh1 58. Kc3 Ke5 59. Kc4 Rb1 60. Kc3 Rb2 61. Kd3 Kd6 62. Kd4 Re2 63. Kd3 Re1 64. Bb3 Kc5 65. Bg8 Rg1 66. Bf7 Rg3+ 67. Kc2 Kd4 68. Bd5 Rc3+ 69. Kd2 Rc5 70. Ke2 Rc2+ 71. Kf3 Rb2 72. Kf4 Rf2+ 73. Kg3 Rf8 74. Kg4 Rf1 75. Kg3 Kc3 76. Kg2 Rf6 77. Kg3 Kd4 78. Kg4 Rg6+ 79. Kf5 Rg2 80. Ke6 Rg6+ 81. Kf5 Ra6 82. Bg8 Ra8 83. Bd5 Re8 84. Kf4 1/2-1/2